00395nam a22001457a 4500003000400000020001700004082001400021100002200035245004300057260008300100300000800183650001200191700001900203700002700222SGT a979392787492 a620bE22S aSingh, Lakhwinder aemerging tools & techniques in Science aNew Delhi, IndiabSelective & Scientific Books Publishers & Distributersc2022 a195 aScience aMalik, Pradeep aSharma, Bhoopesh Kumar